[Event "Titled Tue 10th Jun Late"]
[Site "chess.com INT"]
[Date "2025.06.10"]
[Round "6"]
[White "Barria, Jose"]
[Black "Sethuraman, Roshan"]
[Result "0-1"]
[WhiteTitle "FM"]
[WhiteElo "2371"]
[BlackElo "2074"]
[WhiteFideId "1939300"]
[BlackFideId "30965250"]
[EventDate "2025.06.10"]

1. e4 c5 2. Nf3 d6 3. d4 cxd4 4. Nxd4 Nf6 5. Nc3 a6 6. Bc4 Nbd7 7. a3 Qc7 8. Ba2
Nc5 9. Qe2 e6 10. f3 Be7 11. Be3 b5 12. O-O-O Bd7 13. Qe1 O-O 14. h4 Rfc8 15. g4
Na4 16. Nxa4 bxa4 17. Qd2 Rab8 18. g5 Ne8 19. Kb1 d5 20. Ka1 e5 21. Nf5 Bxf5 22.
exf5 d4 23. g6 Nd6 24. gxf7+ Kf8 25. Bh6 Bf6 26. Bg5 Qxc2 27. Bxf6 gxf6 28. Qh6+
Ke7 29. Rb1 Qxf5 30. Rhc1 Qg6 31. Qd2 Rxc1 32. Rxc1 Rb7 33. Bd5 Rd7 34. f4 Nxf7
35. Bc6 Rc7 36. Qb4+ Nd6 37. Qb8 Nb5 38. fxe5 fxe5 39. Re1 Qxc6 40. Rxe5+ Kd6 0-1

[Event "Titled Tue 10th Jun Late"]
[Site "chess.com INT"]
[Date "2025.06.10"]
[Round "6"]
[White "Zieba, Hubert"]
[Black "Estrada Nieto, Julian"]
[Result "1-0"]
[WhiteTitle "CM"]
[BlackTitle "IM"]
[WhiteElo "2233"]
[BlackElo "2181"]
[WhiteFideId "21844704"]
[BlackFideId "5101018"]
[EventDate "2025.06.10"]

1. d4 Nf6 2. c4 e6 3. g3 Bb4+ 4. Bd2 Be7 5. Bg2 d5 6. Nf3 O-O 7. O-O b6 8. cxd5
exd5 9. Nc3 c6 10. Bf4 Ba6 11. Ne5 Nfd7 12. Re1 Nxe5 13. Bxe5 Nd7 14. Bf4 Bb4
15. Qa4 Bxc3 16. bxc3 Bb5 17. Qb3 Nf6 18. e4 dxe4 19. c4 Ba6 20. Be5 Ng4 21.
Bxe4 Nxe5 22. dxe5 Qd4 23. Bxc6 Bxc4 24. Qa4 Rad8 25. Rac1 Be6 26. Qxa7 Qb2 27.
a4 Rd2 28. Rb1 Qc2 29. Qxb6 Bh3 30. a5 h5 31. a6 Rc8 32. a7 Rdd8 33. Bb7 Re8 34.
Bxc8 Rxc8 35. Qb7 Qc4 36. Qxc8+ Bxc8 37. a8=Q Kh7 38. Qe4+ Qxe4 39. Rxe4 Bf5 40.
Rbb4 Bxe4 41. Rxe4 1-0

[Event "Titled Tue 10th Jun Late"]
[Site "chess.com INT"]
[Date "2025.06.10"]
[Round "6"]
[White "Miserendino, Alfredo"]
[Black "Khodabandeh, Milad"]
[Result "0-1"]
[BlackTitle "CM"]
[WhiteElo "2032"]
[BlackElo "1957"]
[WhiteFideId "101800"]
[BlackFideId "12538620"]
[EventDate "2025.06.10"]

1. e4 e5 2. Nf3 Nc6 3. Bb5 a6 4. Ba4 Nf6 5. O-O Be7 6. Re1 b5 7. Bb3 Bb7 8. c3
d5 9. exd5 Nxd5 10. Nxe5 Nxe5 11. Rxe5 Nf4 12. d4 Nxg2 13. Qg4 O-O 14. Bg5 Bxg5
15. Rxg5 Qf6 16. Nd2 Rae8 17. Rd1 Re1+ 18. Rxe1 Nxe1 19. Rf5 Qh6 20. Ne4 Bc8 21.
Rxf7 Bxg4 22. Rf6+ Rf7 23. Rxf7 Be6 0-1

[Event "Titled Tue 10th Jun Late"]
[Site "chess.com INT"]
[Date "2025.06.10"]
[Round "6"]
[White "Castillo Pena, Patricia Evarista"]
[Black "Yevchenko, Oleksandr"]
[Result "0-1"]
[WhiteTitle "WFM"]
[BlackTitle "CM"]
[WhiteElo "1909"]
[BlackElo "2276"]
[WhiteFideId "6412106"]
[BlackFideId "14108267"]
[EventDate "2025.06.10"]

1. d4 Nf6 2. Nf3 d5 3. e3 Bf5 4. c4 c6 5. Qb3 Qb6 6. c5 Qc7 7. Nc3 Nbd7 8. Bd2
h6 9. Qa4 e5 10. b4 exd4 11. exd4 Be7 12. Be2 O-O 13. O-O a6 14. Qb3 Rfe8 15.
Rfe1 Ne4 16. Nxe4 Bxe4 17. a4 Bf6 18. Bc3 Qf4 19. Qb2 Nf8 20. Rad1 Ng6 21. Qd2
Qf5 22. b5 axb5 23. axb5 Nf4 24. bxc6 bxc6 25. Ne5 Bxe5 26. dxe5 Nxg2 27. f3
Nxe1 28. fxe4 Nf3+ 29. Bxf3 Qxf3 30. exd5 cxd5 31. Bd4 Ra2 0-1

[Event "Titled Tue 10th Jun Late"]
[Site "chess.com INT"]
[Date "2025.06.10"]
[Round "6"]
[White "Vlassov, Nikolai"]
[Black "Tang, Andrew"]
[Result "1-0"]
[WhiteTitle "IM"]
[BlackTitle "GM"]
[WhiteElo "2291"]
[BlackElo "2529"]
[WhiteFideId "4103360"]
[BlackFideId "2059630"]
[EventDate "2025.06.10"]

1. e4 e5 2. Bc4 Nc6 3. f4 Bc5 4. Nf3 d6 5. Nc3 Nf6 6. f5 a6 7. d3 b5 8. Bb3 Nd4
9. Bg5 c6 10. Nxd4 Bxd4 11. Qf3 a5 12. a4 b4 13. Nd1 h6 14. Bh4 Bb7 15. g4 Qb6
16. Ba2 Rd8 17. c3 Bc5 18. Bf2 d5 19. Bxc5 Qxc5 20. Qf2 Qe7 21. Qe2 dxe4 22.
dxe4 Nxe4 23. O-O c5 24. Ne3 Rd2 25. Qb5+ Kf8 26. Rad1 Kg8 27. Rxd2 Nxd2 28. f6
gxf6 29. Nf5 Qc7 30. Rd1 Nf3+ 31. Kf2 Ng5 32. Rd7 Qb8 33. Qxb7 Qxb7 34. Rxb7 Kh7
35. h4 Ne4+ 36. Ke3 Ng3 37. Rxf7+ 1-0

[Event "Titled Tue 10th Jun Late"]
[Site "chess.com INT"]
[Date "2025.06.10"]
[Round "6"]
[White "Gomez Gonzales, Fabiana"]
[Black "Clawitter, Craig"]
[Result "1-0"]
[WhiteTitle "WCM"]
[WhiteElo "1796"]
[BlackElo "2050"]
[WhiteFideId "3860191"]
[BlackFideId "2023105"]
[EventDate "2025.06.10"]

1. e4 e5 2. Nf3 Nc6 3. Bc4 Nf6 4. Ng5 d5 5. exd5 Na5 6. Bb5+ c6 7. dxc6 bxc6 8.
Bd3 Nd5 9. Nf3 Bd6 10. O-O O-O 11. Nc3 f5 12. Be2 e4 13. Nd4 Nf4 14. d3 Qg5 15.
Bxf4 Qxf4 16. g3 Qe5 17. dxe4 fxe4 18. Nb3 Nxb3 19. axb3 Bh3 20. Re1 Rxf2 21.
Bc4+ Kh8 22. Nxe4 Rg2+ 23. Kh1 Bb4 24. Rxa7 Rf8 25. Rf7 Rxf7 26. Bxf7 1-0

[Event "Titled Tue 10th Jun Late"]
[Site "chess.com INT"]
[Date "2025.06.10"]
[Round "6"]
[White "Timmermans, Mark"]
[Black "Platzgummer, Fabian"]
[Result "1-0"]
[WhiteTitle "IM"]
[BlackTitle "IM"]
[WhiteElo "2405"]
[BlackElo "2293"]
[WhiteFideId "1026399"]
[BlackFideId "1617222"]
[EventDate "2025.06.10"]

1. b4 d5 2. Bb2 Nf6 3. b5 c5 4. e3 Bf5 5. c4 e6 6. Nf3 Be7 7. Be2 O-O 8. O-O
Nbd7 9. a4 a5 10. d4 Rc8 11. Nbd2 Ne4 12. cxd5 exd5 13. dxc5 Ndxc5 14. Nd4 Nxd2
15. Qxd2 Bg6 16. Rfc1 Bf6 17. Rxc5 Rxc5 18. Ba3 b6 19. Rd1 Qc7 20. Bxc5 bxc5 21.
Nc6 d4 22. Qxa5 Qxa5 23. Nxa5 Ra8 24. Nb3 d3 25. Bf3 Rxa4 26. Nxc5 Rb4 27. Bc6
d2 28. Kf1 Rc4 29. Ne4 Bxe4 30. Bxe4 Rc1 31. Ke2 Bc3 32. b6 Kf8 33. b7 Be5 34.
Rxd2 Ke7 35. Rb2 Bb8 36. Ra2 1-0

[Event "Titled Tue 10th Jun Late"]
[Site "chess.com INT"]
[Date "2025.06.10"]
[Round "6"]
[White "Nepomniachtchi, Ian"]
[Black "Zierk, Steven"]
[Result "1-0"]
[WhiteTitle "GM"]
[BlackTitle "GM"]
[WhiteElo "2757"]
[BlackElo "2489"]
[WhiteFideId "4168119"]
[BlackFideId "2034255"]
[EventDate "2025.06.10"]

1. e4 e6 2. d4 d5 3. Nc3 Bb4 4. e5 c5 5. a3 Bxc3+ 6. bxc3 Qa5 7. Bd2 Qa4 8. Qg4
Kf8 9. Qd1 b6 10. c4 Ba6 11. cxd5 Bxf1 12. Kxf1 exd5 13. Nf3 Ne7 14. h4 Nbc6 15.
dxc5 bxc5 16. h5 h6 17. Rh4 Qa6+ 18. Kg1 Nd8 19. Qb1 Nec6 20. a4 Rb8 21. Qa2 c4
22. Qa3+ Kg8 23. Qd6 Rb2 24. Nd4 Qc8 25. Qxd5 Ne7 26. Qd6 Rb7 27. Re1 Rd7 28.
Qa3 Ne6 29. Nxe6 fxe6 30. Bb4 Nf5 31. Rf4 Kh7 32. Qc3 Qe8 33. g4 Ne7 34. Bxe7
Qxe7 35. Qxc4 Rhd8 36. Qe4+ Kg8 37. Qg6 Rd5 38. Rf6 Rd1 39. Rxd1 Rxd1+ 40. Kg2
Qb7+ 41. Rf3 Qd5 42. g5 hxg5 43. h6 Qxe5 44. h7+ 1-0

[Event "Titled Tue 10th Jun Late"]
[Site "chess.com INT"]
[Date "2025.06.10"]
[Round "6"]
[White "Sivakumar, Shaaketh"]
[Black "Zou, Chen"]
[Result "0-1"]
[WhiteTitle "FM"]
[BlackTitle "IM"]
[WhiteElo "2279"]
[BlackElo "2443"]
[WhiteFideId "30940176"]
[BlackFideId "8610959"]
[EventDate "2025.06.10"]

1. d4 Nf6 2. Nf3 e6 3. c4 d5 4. g3 Bb4+ 5. Bd2 Be7 6. Bg2 O-O 7. O-O c6 8. Qc2
Nbd7 9. Bf4 a5 10. Rd1 a4 11. Nc3 Qa5 12. Nd2 Qa6 13. c5 e5 14. dxe5 Ng4 15. Nf3
Bxc5 16. e3 Re8 17. Ng5 g6 18. Nxd5 cxd5 19. Bxd5 Ngxe5 20. Bxe5 Rxe5 21. Nxf7
Rxd5 22. Rxd5 Kxf7 23. Rad1 Qe6 24. Rxc5 Nxc5 25. Qxc5 Qc6 26. Qg5 Be6 27. Rd4
Rf8 28. Rf4+ Kg8 29. Rxf8+ Kxf8 30. Qd8+ Kf7 31. Qh8 h5 32. a3 Bh3 33. Qh7+ Ke8
34. Qh8+ Kd7 35. Qd4+ Kc8 36. Qh8+ Kc7 37. Qe5+ Kb6 38. Qd4+ Ka6 39. Qd3+ b5 40.
e4 Qc1+ 41. Qf1 Qxf1# 0-1

[Event "Titled Tue 10th Jun Late"]
[Site "chess.com INT"]
[Date "2025.06.10"]
[Round "6"]
[White "Haug, Havard"]
[Black "Guerra Mendez, Jose Angel"]
[Result "1-0"]
[WhiteTitle "FM"]
[BlackTitle "GM"]
[WhiteElo "2354"]
[BlackElo "2478"]
[WhiteFideId "1547887"]
[BlackFideId "3508129"]
[EventDate "2025.06.10"]

1. e4 c5 2. c3 d5 3. exd5 Qxd5 4. d4 Nf6 5. Nf3 e6 6. Na3 cxd4 7. Nb5 Na6 8.
Nbxd4 Bc5 9. Be2 O-O 10. O-O e5 11. Nb3 e4 12. Qxd5 Nxd5 13. Nfd4 Bb6 14. Rd1
Nac7 15. c4 Bxd4 16. Nxd4 Nb4 17. a3 Nc6 18. Nxc6 bxc6 19. Rd6 Ne6 20. Be3 c5
21. f3 Bb7 22. Rad1 exf3 23. Bxf3 Bxf3 24. gxf3 Rab8 25. R1d2 Rfe8 26. Kf2 f5
27. f4 Kf7 28. R6d5 g6 29. Bxc5 Nxc5 30. Rxc5 Rb7 31. b4 Re4 32. Kf3 Rbe7 33.
Rd3 Re1 34. Rcd5 Rf1+ 35. Kg3 h5 36. Rd7 h4+ 37. Kg2 Rxf4 38. c5 Rc4 39. Rxe7+
Kxe7 40. Rd6 g5 41. Ra6 g4 42. Rxa7+ Ke6 43. Ra6+ Ke5 44. Rd6 Rc2+ 45. Kg1 f4
46. Rg6 g3 47. hxg3 hxg3 48. b5 Ke4 49. Rd6 Rxc5 50. a4 Kf3 51. Rd3+ 1-0

[Event "Titled Tue 10th Jun Late"]
[Site "chess.com INT"]
[Date "2025.06.10"]
[Round "6"]
[White "Cigan, Jason"]
[Black "Zilberstein, Dmitry"]
[Result "1-0"]
[BlackTitle "IM"]
[WhiteElo "2123"]
[BlackElo "2358"]
[WhiteFideId "2064022"]
[BlackFideId "2010739"]
[EventDate "2025.06.10"]

1. e4 e5 2. Nf3 Nc6 3. Bb5 a6 4. Ba4 Nf6 5. O-O b5 6. Bb3 Bc5 7. a4 Rb8 8. axb5
axb5 9. Nxe5 Nxe5 10. d4 Bxd4 11. Qxd4 d6 12. f4 Nc6 13. Qd3 Bb7 14. Nc3 O-O 15.
Be3 Re8 16. Rfe1 Nb4 17. Qd2 c5 18. e5 Ng4 19. Nxb5 Qh4 20. g3 Qh3 21. Nxd6 Rxe5
22. fxe5 Nxe5 23. Bxf7+ Kh8 24. Rf1 Nf3+ 25. Rxf3 Bxf3 26. Rf1 Bc6 27. Bc4 h6
28. Rf4 Ra8 29. Bf1 Ra1 30. Qf2 Bd7 31. Rf8+ Kh7 32. Bxc5 Nd5 33. Bd4 Qe6 34.
Qf5+ Qxf5 35. Nxf5 Bb5 36. Ne3 Nf6 37. Bxf6 1-0

[Event "Titled Tue 10th Jun Late"]
[Site "chess.com INT"]
[Date "2025.06.10"]
[Round "6"]
[White "George, Kevin"]
[Black "Schnaider, Ilan"]
[Result "1-0"]
[WhiteTitle "IM"]
[BlackTitle "IM"]
[WhiteElo "2327"]
[BlackElo "2388"]
[WhiteFideId "10669515"]
[BlackFideId "169013"]
[EventDate "2025.06.10"]

1. e4 e5 2. Nf3 Nc6 3. Nc3 Nf6 4. Bc4 Nxe4 5. Nxe4 d5 6. Bd3 dxe4 7. Bxe4 Bd6 8.
d4 exd4 9. O-O O-O 10. Bg5 f6 11. Bh4 Bg4 12. h3 Bh5 13. Qd3 Kh8 14. g4 Bf7 15.
Bxh7 Nb4 16. Qf5 Qc8 17. Nxd4 Be5 18. c3 Bxd4 19. cxd4 Be6 20. Qh5 Rd8 21. Bg6+
Kg8 22. Qh7+ Kf8 23. Qh8+ Ke7 24. Qxg7+ Kd6 25. Qxf6 Nd5 26. Qe5+ Kd7 27. Bf5
Nf4 28. Qxf4 Rh8 29. Bxe6+ Kxe6 30. Qf5+ Kd6 31. Bg3+ Ke7 32. Rae1+ Kd8 33. Qf6+
Kd7 34. Re7+ Kd8 35. Rxc7+ Ke8 36. Qxh8# 1-0

[Event "Titled Tue 10th Jun Late"]
[Site "chess.com INT"]
[Date "2025.06.10"]
[Round "6"]
[White "Huston, Gus"]
[Black "Csonka, Balazs"]
[Result "1-0"]
[WhiteTitle "IM"]
[BlackTitle "IM"]
[WhiteElo "2315"]
[BlackElo "2467"]
[WhiteFideId "30909090"]
[BlackFideId "742910"]
[EventDate "2025.06.10"]

1. e4 e5 2. Nf3 Nc6 3. Bb5 a6 4. Ba4 Bc5 5. c3 Nge7 6. O-O Ng6 7. d4 Ba7 8. Be3
O-O 9. Nbd2 d6 10. h3 Kh8 11. Re1 b5 12. Bb3 Na5 13. Bc2 c5 14. a4 c4 15. axb5
axb5 16. Nf1 Qc7 17. Ng5 h6 18. Qh5 Nc6 19. Ng3 Kg8 20. Nf3 Nge7 21. d5 Nd8 22.
Bxh6 gxh6 23. Qxh6 f6 24. Nh5 Rf7 25. Nh4 b4 26. Rxa7 Qxa7 27. Re3 Qxe3 28. fxe3
b3 29. Bd1 Ra1 30. Nxf6+ Rxf6 31. Qxf6 Rxd1+ 32. Kh2 Nf7 33. Qxe7 Kg7 34. Nf5+
Bxf5 35. exf5 Rd2 36. f6+ Kg6 37. h4 1-0

[Event "Titled Tue 10th Jun Late"]
[Site "chess.com INT"]
[Date "2025.06.10"]
[Round "6"]
[White "Hartge, Gedeon"]
[Black "Dauer, Andre Leonardo"]
[Result "1-0"]
[WhiteTitle "FM"]
[BlackTitle "CM"]
[WhiteElo "2328"]
[BlackElo "2138"]
[WhiteFideId "12932116"]
[BlackFideId "2126915"]
[EventDate "2025.06.10"]

1. Nf3 d5 2. b3 e6 3. Bb2 f5 4. g3 Nf6 5. Bg2 Bd6 6. O-O O-O 7. d3 Nc6 8. Nbd2
e5 9. e4 dxe4 10. dxe4 fxe4 11. Ng5 e3 12. fxe3 h6 13. Nge4 Ng4 14. Qe2 Be6 15.
Rxf8+ Qxf8 16. Rf1 Qe7 17. h3 Nf6 18. Nxf6+ gxf6 19. Ne4 Rf8 20. Qh5 Qg7 21. g4
Be7 22. Ng3 Bc5 23. Bc1 Qg5 24. Qxg5+ fxg5 25. c3 Nd8 26. Be4 c6 27. Nf5 Bxf5
28. Bxf5 Kg7 29. Rd1 Bb6 30. Kg2 Nf7 31. Rd7 Rd8 32. Rxb7 Rd1 33. Ba3 Rd2+ 34.
Kf3 Kf6 35. Be7+ Kg7 36. Be6 Kg6 37. Bf8 Nd6 38. Rd7 Kf6 39. Rxd6 Rxd6 40. Bxd6
Kxe6 41. Bf8 h5 42. gxh5 Kf7 43. Bd6 Kf6 44. Ke4 Ke6 45. Bxe5 Bxe3 46. Kxe3 Kxe5
47. Kf3 1-0

[Event "Titled Tue 10th Jun Late"]
[Site "chess.com INT"]
[Date "2025.06.10"]
[Round "6"]
[White "Drygalov, Sergey"]
[Black "Niemann, Hans Moke"]
[Result "0-1"]
[WhiteTitle "GM"]
[BlackTitle "GM"]
[WhiteElo "2560"]
[BlackElo "2736"]
[WhiteFideId "24171743"]
[BlackFideId "2093596"]
[EventDate "2025.06.10"]

1. d4 Nf6 2. c4 e6 3. Nf3 d5 4. Nc3 Bb4 5. Qa4+ Nc6 6. e3 O-O 7. Qc2 Re8 8. Bd2
Bf8 9. a3 b6 10. cxd5 exd5 11. Bd3 Bb7 12. O-O Ne7 13. Ne5 Ng6 14. f4 c5 15.
Rad1 a6 16. Rf3 c4 17. Bf5 Ne7 18. Bh3 b5 19. Rg3 Qd6 20. Rf1 Bc8 21. Be1 Rb8
22. Bxc8 Rexc8 23. Rh3 a5 24. g4 g6 25. g5 Ne8 26. f5 b4 27. axb4 axb4 28. Ne2
c3 29. b3 Rb7 30. Nxf7 Qa6 31. Ne5 Nxf5 32. Rxf5 gxf5 33. Qxf5 Qxe2 34. Qe6+ Kh8
35. Ng6+ Kg7 36. Bg3 Qd1+ 37. Kg2 Qc2+ 38. Kg1 Qb1+ 39. Kf2 Rf7+ 40. Nf4 Qf5 41.
Rxh7+ Kxh7 42. g6+ Kg7 43. gxf7 Qxe6 44. Nxe6+ Kxf7 0-1

[Event "Titled Tue 10th Jun Late"]
[Site "chess.com INT"]
[Date "2025.06.10"]
[Round "6"]
[White "Kislinsky, Alexey"]
[Black "Weisz, Bryan"]
[Result "1-0"]
[WhiteTitle "GM"]
[WhiteElo "2341"]
[BlackElo "2059"]
[WhiteFideId "14108801"]
[BlackFideId "30934133"]
[EventDate "2025.06.10"]

1. d4 c5 2. d5 Nf6 3. c4 e6 4. Nc3 exd5 5. cxd5 d6 6. Nf3 Be7 7. Nd2 O-O 8. g3
Na6 9. Bg2 Nc7 10. a4 b6 11. O-O a6 12. b3 Rb8 13. Nc4 b5 14. axb5 axb5 15. Na5
Bd7 16. Nc6 Bxc6 17. dxc6 b4 18. Nd5 Ncxd5 19. Bxd5 Nxd5 20. Qxd5 Qc7 21. Bf4
Rfc8 22. Ra6 Rb6 23. Bxd6 Bxd6 24. Rxb6 Qxb6 25. Qxd6 Qxc6 26. Qd2 c4 27. Qxb4
c3 28. Rc1 c2 29. Qd2 h5 30. h4 g6 31. e3 g5 32. hxg5 h4 33. gxh4 Qe4 34. Qd4
Qf3 35. b4 Qe2 36. Kg2 Rc4 37. Qd8+ Kh7 38. Qd5 Rg4+ 39. Kh3 Rc4 40. Qf5+ Kg8
41. g6 Qd2 42. Qxf7+ Kh8 43. Qh7# 1-0

[Event "Titled Tue 10th Jun Late"]
[Site "chess.com INT"]
[Date "2025.06.10"]
[Round "6"]
[White "Vila Dupla, Aurelio"]
[Black "Alaverdyan, Gevorg"]
[Result "1-0"]
[WhiteTitle "FM"]
[BlackTitle "FM"]
[WhiteElo "2056"]
[BlackElo "2278"]
[WhiteFideId "2203383"]
[BlackFideId "13303058"]
[EventDate "2025.06.10"]

1. Nf3 e6 2. g3 d5 3. Bg2 Nf6 4. O-O Be7 5. b3 O-O 6. Bb2 a5 7. a4 c6 8. d4 Na6
9. Nbd2 c5 10. Re1 b6 11. e4 dxe4 12. Nxe4 Bb7 13. Ne5 Nxe4 14. Bxe4 Bxe4 15.
Rxe4 Qd5 16. Re1 Rad8 17. dxc5 Bxc5 18. Qg4 f6 19. Nd3 e5 20. Rad1 Qc6 21. Qc4+
Qd5 22. Qxa6 Be7 23. Qc4 Qxc4 24. bxc4 Rc8 25. f4 Rxc4 26. fxe5 Rxc2 27. exf6
Bxf6 28. Bxf6 Rxf6 29. Nf4 h6 30. Rc1 Ra2 31. Ra1 Rxa1 32. Rxa1 Rd6 33. Rb1 Kf7
34. Kg2 g5 35. Ne2 Ke6 36. Rb2 Kd7 37. h3 Kc6 38. Kf3 Rd3+ 39. Kg4 Ra3 40. Kh5
Rxa4 41. Kxh6 g4 42. h4 Re4 43. Nf4 a4 44. Kg5 b5 45. h5 a3 46. Ra2 b4 47. h6
Re7 48. Kg6 Kb5 49. Nd3 Kc4 50. Nxb4 Kxb4 51. h7 Re8 52. Kg7 Kb3 53. Rxa3+ Kxa3
54. h8=Q Rxh8 55. Kxh8 Kb4 56. Kg7 Kc5 57. Kf6 Kd6 58. Kf5 Ke7 59. Kxg4 Kf6 60.
Kh5 Kg7 61. Kg5 Kh7 62. Kf6 Kh6 63. g4 Kh7 64. Kf7 Kh6 65. Kf6 Kh7 66. g5 Kg8
67. Kg6 Kh8 68. Kf7 Kh7 69. g6+ Kh6 70. g7 Kg5 71. g8=Q+ Kf5 72. Qg6+ Ke5 73.
Qf6+ 1-0

[Event "Titled Tue 10th Jun Late"]
[Site "chess.com INT"]
[Date "2025.06.10"]
[Round "6"]
[White "Hercegovac, Neven"]
[Black "Graif, William"]
[Result "1-0"]
[WhiteTitle "FM"]
[BlackTitle "FM"]
[WhiteElo "2215"]
[BlackElo "2211"]
[WhiteFideId "2839135"]
[BlackFideId "2609835"]
[EventDate "2025.06.10"]

1. Nf3 c5 2. c4 g6 3. d4 cxd4 4. Nxd4 Nc6 5. e4 Nf6 6. Nc3 d6 7. Be2 Nxd4 8.
Qxd4 Bg7 9. O-O O-O 10. Qd3 a5 11. Be3 a4 12. Bd4 Nd7 13. Bxg7 Kxg7 14. b4 axb3
15. axb3 Nc5 16. Qc2 Rxa1 17. Rxa1 e5 18. Rd1 Qb6 19. Nb5 Rd8 20. h4 f5 21. exf5
Bxf5 22. Qb2 h5 23. b4 Ne4 24. c5 dxc5 25. Qxe5+ Kh6 26. Rxd8 Qxd8 27. bxc5 Kh7
28. Nd6 Nxd6 29. cxd6 b6 30. Bb5 Kg8 31. Qe7 Qa8 32. d7 1-0

[Event "Titled Tue 10th Jun Late"]
[Site "chess.com INT"]
[Date "2025.06.10"]
[Round "6"]
[White "Garcia, Jhoel"]
[Black "Tekeyev, Zaur"]
[Result "0-1"]
[WhiteTitle "IM"]
[BlackTitle "IM"]
[WhiteElo "2293"]
[BlackElo "2407"]
[WhiteFideId "3801110"]
[BlackFideId "4199731"]
[EventDate "2025.06.10"]

1. e4 c6 2. d4 d5 3. e5 Bf5 4. Nf3 e6 5. Be2 Nd7 6. O-O Bg6 7. c3 Nh6 8. Na3 Nf5
9. Nc2 Be7 10. Ne3 O-O 11. Nxf5 Bxf5 12. Be3 f6 13. exf6 Bxf6 14. h3 e5 15. dxe5
Nxe5 16. Nxe5 Bxe5 17. Bd3 Bc7 18. Bxf5 Rxf5 19. Qg4 Qd6 20. f4 Raf8 21. Bd4 g6
22. Be5 Qc5+ 23. Bd4 Qb5 24. Rae1 Bb6 25. Bxb6 Qxb6+ 26. Rf2 Rxf4 27. Qe6+ R8f7
28. Qe8+ Kg7 29. Qe5+ Kh6 30. Re3 Rxf2 31. h4 Rf1+ 32. Kh2 Qc7 0-1

[Event "Titled Tue 10th Jun Late"]
[Site "chess.com INT"]
[Date "2025.06.10"]
[Round "6"]
[White "Fernandes, Rogerio Paulo Muller"]
[Black "Slate, Kent"]
[Result "0-1"]
[WhiteElo "2241"]
[BlackElo "2082"]
[WhiteFideId "2101599"]
[BlackFideId "30961564"]
[EventDate "2025.06.10"]

1. c4 Nf6 2. g3 g6 3. Bg2 Bg7 4. Nf3 O-O 5. O-O c5 6. Nc3 e6 7. d3 d5 8. Bg5 h6
9. Bxf6 Bxf6 10. cxd5 exd5 11. Qb3 Bxc3 12. Qxc3 Na6 13. Nd2 Be6 14. b3 b5 15.
Rac1 Qb6 16. Qb2 Rac8 17. e4 Nb4 18. Qb1 Qa5 19. exd5 Nxd5 20. Ne4 Qb4 21. Qb2
Qd4 22. Qxd4 cxd4 23. Nd6 Rxc1 24. Rxc1 Nc3 25. a4 Ne2+ 26. Kf1 Nxc1 27. Nxb5
Bxb3 28. Nxd4 Bxa4 29. f4 Nxd3 30. Ke2 Nc5 31. f5 Rd8 32. Ke3 Nb3 33. Nf3 Bb5
34. fxg6 fxg6 35. Nh4 Kg7 36. Be4 Re8 37. Kf3 Be2+ 38. Kf2 Rxe4 0-1

[Event "Titled Tue 10th Jun Late"]
[Site "chess.com INT"]
[Date "2025.06.10"]
[Round "6"]
[White "Henriquez Villagra, Cristobal"]
[Black "Sindarov, Islombek"]
[Result "1-0"]
[WhiteTitle "GM"]
[BlackTitle "CM"]
[WhiteElo "2597"]
[BlackElo "2129"]
[WhiteFideId "3409350"]
[BlackFideId "14205475"]
[EventDate "2025.06.10"]

1. e4 g6 2. d4 Bg7 3. Nc3 d6 4. f4 Nd7 5. Nf3 e5 6. Bc4 exd4 7. Nxd4 Ngf6 8. O-O
O-O 9. f5 Ne5 10. Bb3 c5 11. Nf3 c4 12. Nxe5 cxb3 13. Nc4 bxc2 14. Qxc2 d5 15.
Rd1 Qc7 16. Nxd5 Nxd5 17. Rxd5 b5 18. f6 Bxf6 19. Qf2 Bg7 20. Nd6 Be6 21. Rd3 a6
22. Bf4 Qa5 23. a3 Qa4 24. Rad1 b4 25. Bg5 bxa3 26. bxa3 Bg4 27. Rf1 Be6 28. Bf6
Bh6 29. Qh4 Bg7 30. Bxg7 Kxg7 31. h3 Rab8 32. Qf6+ Kg8 33. h4 Rb3 34. Rxb3 Qxb3
35. e5 Qxa3 36. h5 Qe3+ 37. Rf2 Qe1+ 38. Kh2 Qe3 39. Rf4 a5 40. h6 1-0

[Event "Titled Tue 10th Jun Late"]
[Site "chess.com INT"]
[Date "2025.06.10"]
[Round "6"]
[White "Venskaya, Nika"]
[Black "Dudzinski, Pawel"]
[Result "1-0"]
[WhiteTitle "WCM"]
[BlackTitle "FM"]
[WhiteElo "1926"]
[BlackElo "2191"]
[WhiteFideId "13523503"]
[BlackFideId "1117890"]
[EventDate "2025.06.10"]

1. d4 f5 2. Nf3 Nf6 3. g3 g6 4. Bg2 Bg7 5. O-O O-O 6. c4 d6 7. Nc3 Qe8 8. Qb3 c6
9. d5 c5 10. Ng5 Na6 11. e4 fxe4 12. Ncxe4 Nxe4 13. Nxe4 Nc7 14. Bg5 h6 15. Be3
b5 16. Rae1 bxc4 17. Qxc4 Ba6 18. Qb3 Rb8 19. Qd1 Rxb2 20. Bc1 Rxa2 21. Nxd6 Qd7
22. Ne4 Bxf1 23. Bxf1 Qf5 24. d6 Rxf2 25. Nxf2 Qxf2+ 26. Kh1 exd6 27. Bg2 Be5
28. Bxh6 Rf7 29. Be3 Qf6 30. Qa4 Ne6 31. Bd5 Kg7 32. Bg2 Nd4 33. Bxd4 cxd4 34.
Qc4 Qe7 35. Bd5 Rf6 36. Qc8 d3 37. Qg8+ Kh6 38. Qh8+ Qh7 39. Qc8 g5 40. Be4 Qg7
41. Qh3# 1-0

[Event "Titled Tue 10th Jun Late"]
[Site "chess.com INT"]
[Date "2025.06.10"]
[Round "6"]
[White "Mullodzhanov, Nathaniel"]
[Black "Matinian, Nikita"]
[Result "0-1"]
[BlackTitle "GM"]
[WhiteElo "1927"]
[BlackElo "2421"]
[WhiteFideId "30961580"]
[BlackFideId "24129100"]
[EventDate "2025.06.10"]

1. e4 c5 2. Nf3 e6 3. c3 d5 4. exd5 Qxd5 5. d4 Nf6 6. Nbd2 cxd4 7. Bc4 Qd7 8.
Nxd4 Nc6 9. N2f3 a6 10. a4 Bc5 11. O-O O-O 12. Re1 Nxd4 13. Nxd4 Bxd4 14. Qxd4
Qxd4 15. cxd4 Bd7 16. Bg5 Rfc8 17. b3 b5 18. axb5 axb5 19. Be2 h6 20. Bxf6 gxf6
21. Bf3 Rxa1 22. Rxa1 Rc3 23. Rb1 b4 24. d5 e5 25. Kf1 Bf5 26. Rb2 Kf8 27. d6
Rd3 28. Ke2 Rxd6 29. Rd2 Rxd2+ 30. Kxd2 Be6 31. Bd1 Ke7 32. Kc2 Kd6 33. Bf3 Kc5
34. g3 Kd4 35. Bh5 f5 36. h3 f4 37. gxf4 exf4 38. h4 f6 39. Bg6 Bd5 40. Bh5 Ke4
41. Bg4 Bf7 42. Kb2 Kd3 43. Bf3 Kd2 44. Bg4 Ke1 45. f3 Kd2 46. Bf5 Bd5 47. Bg4
Ke3 48. h5 Bxf3 49. Bf5 Bxh5 50. Bh3 Be2 51. Kc2 f3 0-1